000 01885nam a2200337 4500
001 113568
003 DR-UNIBE
005 20260508100501.0
008 250507b2009 sp ||||| |||| 00| 0 spa d
020 _a9788498765649
040 _aBIBLIOTECA UNIBE
_cBIBLIOTECA UNIBE
_bspa
_erda
041 _aspa
082 _222
_a341.43098 C749r
111 1 0 _aCongreso de Ministros de Justicia de los Países Iberoamericanos.
_cMadrid, España,
_dseptiembre 2008
_9195003
245 1 0 _aReformas del Proceso penal y seguridad ciudadana en Iberoamericana /
_bcoordinación y dirección: Jorge A. Obando
250 _aEdición bilingüe español-portugués
260 _aValencia :
_bEditorial Tirant Lo Blanch,
_c2009
300 _a1260 páginas :
_c23 x 16 cm
490 _aHomenajes y Congresos
500 _acomentario de la obra en la contraportada
505 _aPrólogo | Presentación | Introducción general | País: Argentina | País: Bolivia | País: Brasil | País: Chile | País: Colombia | País: Costa Rica | País Cuba | País: Ecuador | País: El Salvador | País: España | País: Guatemala | País: Honduras | País: México | País: NIcaragua | País: Panamá | País: Paraguay | País: Perú | País: Portugal | País: República Dominicana | País: Uruguay | País: Venezuela
650 7 _2lemb
_aDerecho procesal penal
_zIberoamerica
_9204608
700 1 0 _aObando, Jorge A.
_9194996
_edirector de reporte
_ecoordinador de reporte
700 1 0 _aMora Mora, Luis Paulino
_9181445
_esupervisor
_erevisión
700 1 0 _aMoreno Catena, Víctor
_9194998
_esupervisión
_erevisión
700 1 0 _aTijerino Pacheco, José María,
_d1947-
_9149249
_econsultor
700 1 0 _aHoued Vega, Mario A
_9194371
_econsultor
700 0 _aCampos Calderón, J. Federico
_9194007
_econsultor
700 1 0 _aMora Lizano, Luis Paulino
_9195001
_econsultor
942 _2ddc
_cBK
999 _c113568
_d113568